Así se transmitió la guerra civil : (Record no. 192855)
[ view plain ]
| 000 -LEADER | |
|---|---|
| campo de control de longitud fija | 01441nam a2200361 i 4500 |
| 001 - NÚMERO DE CONTROL | |
| campo de control | 192855 |
| 003 - IDENTIFICADOR DE NÚMERO DE CONTROL | |
| campo de control | SpMaBN |
| 005 - FECHA Y HORA DE LA ÚLTIMA TRANSACCIÓN | |
| campo de control | 20240508063053.0 |
| 007 - CAMPO FIJO DE DESCRIPCIÓN FÍSICA--INFORMACIÓN GENERAL | |
| campo de control de longitud fija | ta |
| 008 - DATOS DE LONGITUD FIJA--INFORMACIÓN GENERAL | |
| campo de control de longitud fija | 230606s2019 sp | |||| 000 0 spa |
| 017 ## - NÚMERO DE COPYRIGHT O DE DEPÓSITO LEGAL | |
| Número de copyright o de depósito legal | M 30169-2019 |
| Agencia que asigna | Oficina Depósito Legal Madrid |
| 035 ## - NÚMERO DE CONTROL DEL SISTEMA | |
| Número de control de sistema | (OCoLC)1129322114 |
| 040 ## - FUENTE DE CATALOGACIÓN | |
| Centro catalogador/agencia de origen | SpMaBN |
| Lengua de catalogación | spa |
| Centro/agencia transcriptor | SpMaBN |
| Normas de descripción | rda |
| 080 ## - NÚMERO DE LA CLASIFICACIÓN DECIMAL UNIVERSAL | |
| Número de la Clasificación Decimal Universal | 654.195(460)"1936/39"(093) |
| 080 ## - NÚMERO DE LA CLASIFICACIÓN DECIMAL UNIVERSAL | |
| Número de la Clasificación Decimal Universal | 94(460)"1936/39"(093) |
| 245 00 - MENCIÓN DEL TÍTULO | |
| Título | Así se transmitió la guerra civil : |
| Resto del título | verdades y mentiras en la radio incautada / |
| Mención de responsabilidad, etc. | recopilación y redacción, Jesús Vivanco Sánchez |
| 260 ## - PUBLICACIÓN, DISTRIBUCIÓN, ETC. | |
| Lugar de publicación, distribución, etc. | [Madrid : |
| Nombre del editor, distribuidor, etc. | J. Vivanco, |
| Fecha de publicación, distribución, etc. | 2019] |
| 300 ## - DESCRIPCIÓN FÍSICA | |
| Extensión | 2 volúmenes (1545 páginas) ; |
| Dimensiones | 30 cm |
| 336 ## - TIPO DE CONTENIDO | |
| Término de tipo de contenido | Texto |
| Fuente | rdacontent |
| 337 ## - TIPO DE MEDIO | |
| Nombre/término del tipo de medio | sin mediación |
| Fuente | rdamedia |
| 338 ## - TIPO DE SOPORTE | |
| Nombre/término del tipo de soporte | volumen |
| Fuente | rdacarrier |
| 500 ## - NOTA GENERAL | |
| Nota general | Recoge la transcripción de las emisiones radiofónicas |
| 650 #0 - PUNTO DE ACCESO ADICIONAL DE MATERIA--TÉRMINO DE MATERIA | |
| Término de materia o nombre geográfico como elemento de entrada | Radiodifusión- |
| Subdivisión geográfica | España- |
| Subdivisión cronológica | 1936-1939- |
| Subdivisión de forma | Fuentes |
| Fuente del encabezamiento o término | embne |
| 9 (RLIN) | 226645 |
| 651 #4 - PUNTO DE ACCESO ADICIONAL DE MATERIA--NOMBRE GEOGRÁFICO | |
| Nombre geográfico | España- |
| Subdivisión general | Historia- |
| Subdivisión cronológica | 1936-1939, Guerra civil- |
| Subdivisión general | Propaganda |
| 9 (RLIN) | 8325 |
| 655 #0 - TERMINO DE INDIZACIÓN--GENERO/FORMA | |
| Datos o término principal de género/forma | Fuentes |
| 9 (RLIN) | 226647 |
| 700 1# - ENTRADA AGREGADA--NOMBRE PERSONAL | |
| Nombre de persona | Vivanco Sánchez, Jesús |
| Término indicativo de función/relación | Compilador |
| -- | Redactor |
| 9 (RLIN) | 226648 |
| 852 ## - LOCALIZACIÓN | |
| Ubicación | ES-MaACL |
| Sublocalización o colección | R. 152870 |
| Ubicación en estantería | Depósito J |
| Donativo/Legado | Donación: Jesús Vivanco Sánchez |
| Número de control de estantería | N-8483 |
| 852 ## - LOCALIZACIÓN | |
| Ubicación | ES-MaACL |
| Sublocalización o colección | R. 152870 |
| Ubicación en estantería | Depósito J |
| Donativo/Legado | Donación: Jesús Vivanco Sánchez |
| Número de control de estantería | N-8484 |
| 903 ## - NOMBRE PERSONAL DE DONANTE | |
| 9 | 226648 |
| a | Vivanco Sánchez, Jesús |
| e | Donante |
| 942 ## - ELEMENTOS DE ENTRADA SECUNDARIOS (KOHA) | |
| Suprimir en OPAC | No |
| Tipo de ítem Koha | Libro impreso |
| Estatus retirado | Estado de pérdida | Fuente del sistema de clasificación o colocación | Estado de daño | No para préstamo | Biblioteca de origen | Biblioteca actual | Ubicación en estantería | Fecha de adquisición | Fuente de adquisición | Enumeración/cronología de publicación seriada | Total de préstamos | Signatura topográfica completa | Código de barras | Visto por última vez | Tipo de ítem Koha |
|---|---|---|---|---|---|---|---|---|---|---|---|---|---|---|---|
| Clasificación decimal universal | Biblioteca del Ateneo de Madrid | Biblioteca del Ateneo de Madrid | Depósito J | 30/01/2020 | Donación | Vol. 1 | N-8483 | 101205453 | 06/06/2023 | Libro impreso | |||||
| Clasificación decimal universal | Biblioteca del Ateneo de Madrid | Biblioteca del Ateneo de Madrid | Depósito J | 31/01/2020 | Donación | Vol. 2 | N-8484 | 101205454 | 06/06/2023 | Libro impreso |
